| 000 | 00445pab a2200157 454500 | ||
|---|---|---|---|
| 008 | 180718b1997 xxu||||| |||| 00| 0 eng d | ||
| 100 | _aTripathy, Nalini Prava | ||
| 245 | _aChallenges of management education in India: a study of students' perception and expectation | ||
| 260 | _c1997 | ||
| 300 | _ap.6-10 | ||
| 362 | _a3 Nov | ||
| 650 | _aManagement education | ||
| 700 | _aMangaraj, Sujata | ||
| 773 | _aUniversity News | ||
| 909 | _a35879 | ||
| 999 |
_c35879 _d35879 |
||